Charles Parish (Va.) register book, (Record no. 43833)

MARC details
000 -LEADER
fixed length control field 01206cpcaa2200301 4500
001 - CONTROL NUMBER
control field mm 82097543
003 - CONTROL NUMBER IDENTIFIER
control field DLC
005 - DATE AND TIME OF LATEST TRANSACTION
control field 20260227111718.0
008 - FIXED-LENGTH DATA ELEMENTS--GENERAL INFORMATION
fixed length control field 820519|||||||||||| eng
010 ## - LIBRARY OF CONGRESS CONTROL NUMBER
LC control number mm 82097543
040 ## - CATALOGING SOURCE
Original cataloging agency DLC
Transcribing agency DLC
Description conventions dacs
Modifying agency DLC
072 #7 - SUBJECT CATEGORY CODE
Subject category code C
Source lcmd
110 2# - MAIN ENTRY--CORPORATE NAME
Corporate name or jurisdiction name as entry element Charles Parish (Va.)
245 00 - TITLE STATEMENT
Title Charles Parish (Va.) register book,
Inclusive dates 1648-1789.
300 ## - PHYSICAL DESCRIPTION
Extent 3
Type of unit items.
300 ## - PHYSICAL DESCRIPTION
Extent 3
Type of unit containers.
300 ## - PHYSICAL DESCRIPTION
Extent 0.3
Type of unit feet.
506 0# - RESTRICTIONS ON ACCESS NOTE
Terms governing access Open to research.
520 8# - SUMMARY, ETC.
Summary, etc. Register book (3 volumes) of deaths, births, and baptisms of Charles Parish, York County, Va. Includes entries from Denbigh, Hampton, Elizabeth City, and Warwick.
546 ## - LANGUAGE NOTE
Language note Collection material in English.
650 #0 - SUBJECT ADDED ENTRY--TOPICAL TERM
Topical term or geographic name entry element Registers of births, etc.
Geographic subdivision Virginia
-- York County.
651 #0 - SUBJECT ADDED ENTRY--GEOGRAPHIC NAME
Geographic name Registers of births, etc.
Geographic subdivision Virginia
-- Denbigh.
651 #0 - SUBJECT ADDED ENTRY--GEOGRAPHIC NAME
Geographic name Registers of births, etc.
Geographic subdivision Virginia
-- Hampton.
651 #0 - SUBJECT ADDED ENTRY--GEOGRAPHIC NAME
Geographic name Registers of births, etc.
Geographic subdivision Virginia
-- Warwick.
650 #0 - SUBJECT ADDED ENTRY--TOPICAL TERM
Topical term or geographic name entry element Registers of births, etc.
Geographic subdivision Virginia
-- Elizabeth City County.
651 #0 - SUBJECT ADDED ENTRY--GEOGRAPHIC NAME
Geographic name Virginia
General subdivision Genealogy.

No items available.

Powered by Koha